| 000 | 01170nam a22002295i 4500 | ||
|---|---|---|---|
| 001 | 162971 | ||
| 003 | ES-MaACL | ||
| 005 | 20250929063237.0 | ||
| 008 | 050706m18381841fr | |||||||| ||fre d | ||
| 040 |
_aCAM _bspa _cCAM |
||
| 100 | 1 |
_aRaspail, François-Vincent, _d1794-1878 _9131616 |
|
| 245 | 1 | 0 |
_aCours d'agriculture et d'économie rurale a l'usage des Ecoles primaires / _cpar F.-V. Raspail. |
| 250 | _a2e éd. | ||
| 260 |
_aParis : _bL. Hachette, _c1838-1841 ( _fImprimerie de L. Hachette) |
||
| 300 |
_a5 v. ; _c14 cm. |
||
| 505 | 8 | _aContiene: I. Labourage (176 p.; [3] h. de lám. pleg.) - II. Jardinage (158 p.) - III. Arbres et arbustes (173 p., [1] h. de lám. pleg.) - V. Economie rurale (228 p., [1] h. de lám. pleg.) | |
| 596 | _aEn t.II el imp. es: Imprimerie d'Amédée Gratiot et c\pe\s; en el t.III y t.V es Imprimerie de J.-B. Gros. | ||
| 596 | _aEl t.I está fechado en 1838, el resto de los t. carece de fecha en el pie de imp. (fechas tomadas del Catálogo Colectivo de Francia) | ||
| 650 | 0 | 7 |
_aAgricultura _2embne _99670 |
| 852 |
_aES-MaACL _jD-522-523(2) _z-- Enc. pasta española _z-- 4 t. en 2 v. |
||
| 999 |
_c162971 _d162971 |
||